Asamiya byakaran (Record no. 2453)

MARC details
000 -LEADER
fixed length control field 00543cam a2200217ua 4500
001 - CONTROL NUMBER
control field 2602
005 - DATE AND TIME OF LATEST TRANSACTION
control field 20260515113531.0
008 - FIXED-LENGTH DATA ELEMENTS--GENERAL INFORMATION
fixed length control field 110829n ii |||gr||||Z||||||asm
040 ## - CATALOGING SOURCE
Transcribing agency MAIN
082 ## - DEWEY DECIMAL CLASSIFICATION NUMBER
Classification number 491.4515
100 1# - MAIN ENTRY--PERSONAL NAME
Personal name Baruah, Hemchandra,
Relator term Author.
245 11 - TITLE STATEMENT
Title Asamiya byakaran
Statement of responsibility, etc. by Hemchandra Baruah
250 ## - EDITION STATEMENT
Edition statement 1st.
260 ## - PUBLICATION, DISTRIBUTION, ETC.
Place of publication, distribution, etc. Sibsagarh:
Name of publisher, distributor, etc. Hemchandra library,963.
300 ## - PHYSICAL DESCRIPTION
Extent 326p:
Dimensions 23cm.
653 ## - INDEX TERM--UNCONTROLLED
Uncontrolled term Language
653 ## - INDEX TERM--UNCONTROLLED
Uncontrolled term Assamese language
653 ## - INDEX TERM--UNCONTROLLED
Uncontrolled term Assamese language
653 ## - INDEX TERM--UNCONTROLLED
Uncontrolled term Asamiya byakaran
942 ## - ADDED ENTRY ELEMENTS (KOHA)
Koha item type Books
Holdings
Withdrawn status Lost status Damaged status Not for loan Home library Current library Shelving location Date acquired Total checkouts Full call number Barcode Date last seen Copy number Price effective from Koha item type
        Naharkatiya College Library Naharkatiya College Library General stacks 09/19/2020   491.4515 | BAR 7637 09/19/2020 1 09/19/2020 Books